00365 2200145 4500001002100000008004100021035002000062245004500082100001200127260001400139300002100153082001500174650001700189990001300206INLIS000000000000067 ind  a0010-0322000067 aKISAH AJAIB BINATANG MANCANEGARA 2cIKHA aTIM AMA aCINAbAMA a128 hlm.c24 cm. a398.249 51 aFABEL - CINA a102311-1